| 000 | 01000nam a22003017a 4500 | ||
|---|---|---|---|
| 003 | CHAP | ||
| 005 | 20220817042153.0 | ||
| 008 | 971013s r 00010 d | ||
| 010 | _a36625 | ||
| 011 | _a37597 | ||
| 035 | _a41717 | ||
| 040 | _cCHAP | ||
| 090 | _aFolleto 9541 | ||
| 110 |
_aMéxico. Dirección General de Avicultura y Otras Especies Menores _976961 |
||
| 245 | _aPrograma nacional de paquetes familiares | ||
| 260 |
_aMéxico, D.F. : _bLa Dirección, _c(s.a.) |
||
| 300 |
_av. _b: ilus |
||
| 500 | _aLa biblioteca tiene: v.1 Curso de apicultura.-v.2 Curos de guajolotes | ||
| 590 |
_aBATCH-UPD _b10 _c20130110 _lUCH01 _h2029 |
||
| 590 |
_aCONVERSION _b10 _c20130109 _lUCH01 _h1320 |
||
| 650 | 1 | 4 |
_aApicultura. _96241 |
| 650 | 1 | 4 | _aAvicultura. |
| 901 | _aBK | ||
| 942 | _cFOLL | ||
| 949 |
_aFolleto 9541 _bBC _cFOLL _d-95902 _eTS1 _fv.1 _i41717 _si |
||
| 949 |
_aFolleto 9541 _bBC _cFOLL _d-95903 _eTS2 _fv.2 _i41717 _si |
||
| 949 |
_aFolleto 9541 _bBC _cFOLL _d-95904 _eTS2 _fv.2 c.2 _i41717 _si |
||
| 999 |
_c36625 _d36625 |
||